| 000 | 00480nam a2200181 a 4500 | ||
|---|---|---|---|
| 005 | 20240316063726.0 | ||
| 008 | 991125n198 mx 000 0 spa u | ||
| 035 | _aUPN01000029078 | ||
| 049 | _aCG | ||
| 050 | 4 |
_aB823.3 _bM3.3b |
|
| 100 | 1 |
_aMarx, Karl, _d1818-1883 |
|
| 245 | 1 | 3 |
_aLa ideología alemana : _bresumen / _cCarlos Marx. |
| 260 |
_aMéxico : _bQuinto Sol, _c[198-?]. |
||
| 300 | _a96 p. | ||
| 650 | 4 |
_aFilosofía _95327 |
|
| 650 | 4 |
_aIdeología _96793 |
|
| 905 | _aLibro | ||
| 999 |
_c29078 _d29078 |
||